Cơ học kỹ thuật Tập 2
Gồm các nội dung: Các khái niệm và các định luật của động lực học; Phương trình vi phân của chuyển động; Các đại lượng đặc trưng của cơ hệ và vật rắn; Nguyên lý Đalămbe; Động lực học của vật rắn;......
Na minha lista:
| Autor principal: | |
|---|---|
| Formato: | Livro |
| Idioma: | Undetermined |
| Publicado em: |
H.
Giáo dục
2008
|
| Assuntos: | |
| Acesso em linha: | http://lrc.tdmu.edu.vn/opac/search/detail.asp?aID=2&ID=7709 |
| Tags: |
Adicionar Tag
Sem tags, seja o primeiro a adicionar uma tag!
|
| Thư viện lưu trữ: | Trung tâm Học liệu Trường Đại học Thủ Dầu Một |
|---|
| LEADER | 01015nam a2200229Ia 4500 | ||
|---|---|---|---|
| 001 | TDMU_7709 | ||
| 008 | 210410s9999 xx 000 0 und d | ||
| 082 | |a 620.1 | ||
| 090 | |b Đ450 | ||
| 100 | |a Đỗ, Sanh | ||
| 245 | 0 | |a Cơ học kỹ thuật | |
| 245 | 0 | |c Đỗ Sanh | |
| 245 | 0 | |n Tập 2 | |
| 245 | 0 | |p Phần động lực học | |
| 260 | |a H. | ||
| 260 | |b Giáo dục | ||
| 260 | |c 2008 | ||
| 300 | |a 204 tr. | ||
| 520 | |a Gồm các nội dung: Các khái niệm và các định luật của động lực học; Phương trình vi phân của chuyển động; Các đại lượng đặc trưng của cơ hệ và vật rắn; Nguyên lý Đalămbe; Động lực học của vật rắn;... | ||
| 650 | |a Cơ học ứng dụng; Cơ học kỹ thuật; Động lực học | ||
| 856 | |u http://lrc.tdmu.edu.vn/opac/search/detail.asp?aID=2&ID=7709 | ||
| 980 | |a Trung tâm Học liệu Trường Đại học Thủ Dầu Một | ||